[Event "GBR-ch90 Senior Ch"]
[Site "Edinburgh"]
[Date "2003.07.27"]
[Round "2"]
[White "Rose, Anthony"]
[Black "Smith, David"]
[Result "1-0"]
[WhiteElo "1552"]
[BlackElo "1712"]
[PlyCount "81"]
[EventDate "2003.07.26"]
[EventType "swiss"]
[EventRounds "7"]
[EventCountry "GBR"]

1. d4 f5 2. Bg5 Nf6 3. Bxf6 exf6 4. a3 Be7 5. e3 O-O 6. Nc3 d5 7. Nf3 Nc6 8.
Bd3 Be6 9. Ne2 g6 10. Nd2 Kg7 11. h4 Bd6 12. c4 b6 13. b4 Re8 14. c5 bxc5 15.
bxc5 Bf8 16. Bb5 Bd7 17. Qa4 Nb8 18. Bxd7 Qxd7 19. Qxd7+ Nxd7 20. Nf4 c6 21.
O-O g5 22. hxg5 fxg5 23. Nd3 a5 24. a4 Kf6 25. Rab1 Reb8 26. Rxb8 Rxb8 27. Rb1
Rxb1+ 28. Nxb1 Be7 29. Nd2 Bd8 30. g3 Bc7 31. Kg2 h5 32. f3 Nf8 33. f4 gxf4 34.
gxf4 Ng6 35. Nf3 Ke6 36. Kh3 Bd8 37. Nde5 Ne7 38. Ng5+ Kf6 39. Kh4 Ng6+ 40.
Kxh5 Nxe5 41. fxe5+ 1-0

[Event "GBR-ch90 Senior Ch"]
[Site "Edinburgh"]
[Date "2003.07.27"]
[Round "2"]
[White "Stephenson, F Norman"]
[Black "Smith, Ivor BN"]
[Result "1/2-1/2"]
[WhiteElo "2072"]
[BlackElo "1920"]
[PlyCount "46"]
[EventDate "2003.07.26"]
[EventType "swiss"]
[EventRounds "7"]
[EventCountry "GBR"]

1. e4 c5 2. Nf3 d6 3. Bb5+ Bd7 4. Bxd7+ Qxd7 5. O-O Nc6 6. c3 Nf6 7. d3 e6 8.
Bg5 Be7 9. Re1 Ne5 10. Na3 h6 11. Bf4 Ng6 12. Bg3 O-O 13. Qb3 Nh5 14. Rad1 Nxg3
15. hxg3 d5 16. exd5 exd5 17. Nc2 Bf6 18. Ne3 Rfd8 19. d4 c4 20. Qc2 b5 21. Qf5
Ne7 22. Qxd7 Rxd7 23. Ng4 Ng6 1/2-1/2

[Event "GBR-ch90 Senior Ch"]
[Site "Edinburgh"]
[Date "2003.07.27"]
[Round "2"]
[White "Tidmarsh, David A"]
[Black "Thomas, Norman G"]
[Result "1/2-1/2"]
[WhiteElo "1696"]
[BlackElo "1504"]
[PlyCount "52"]
[EventDate "2003.07.26"]
[EventType "swiss"]
[EventRounds "7"]
[EventCountry "GBR"]

1. e4 c5 2. Nf3 Nf6 3. Nc3 d5 4. e5 Nfd7 5. Bb5 e6 6. d4 a6 7. Bxd7+ Bxd7 8.
O-O Nc6 9. Re1 Be7 10. a3 O-O 11. dxc5 Bxc5 12. Be3 Qb6 13. Na4 Bxe3 14. Nxb6
Bxb6 15. Rc1 Rfd8 16. c3 Rac8 17. Rb1 Na5 18. Qd2 Ba4 19. Nd4 Bd7 20. Qd1 Nc6
21. Nxc6 Bxc6 22. Qb3 Bc5 23. Rbd1 d4 24. c4 b5 25. cxb5 axb5 26. Rd2 Bb6
1/2-1/2

[Event "GBR-ch90 Senior Ch"]
[Site "Edinburgh"]
[Date "2003.07.28"]
[Round "3"]
[White "Anderton, David W"]
[Black "Bissell, Maurice"]
[Result "1/2-1/2"]
[WhiteElo "2184"]
[BlackElo "1840"]
[PlyCount "65"]
[EventDate "2003.07.26"]
[EventType "swiss"]
[EventRounds "7"]
[EventCountry "GBR"]

1. d4 Nf6 2. c4 e6 3. Nc3 Bb4 4. Qc2 d5 5. cxd5 exd5 6. Bg5 Qd6 7. e3 Ne4 8.
Bf4 Qe7 9. Bd3 c6 10. Nge2 f5 11. O-O O-O 12. a3 Bd6 13. Bxd6 Qxd6 14. f3 Nxc3
15. Nxc3 Be6 16. Na4 Nd7 17. b4 Rf6 18. Nc5 Nxc5 19. bxc5 Qc7 20. g3 Raf8 21.
Rab1 Bc8 22. e4 fxe4 23. fxe4 Rxf1+ 24. Rxf1 Rxf1+ 25. Bxf1 Qe7 26. e5 Qg5 27.
Qc3 Bf5 28. Qf3 Qg6 29. Qf4 Be6 30. Qh4 h6 31. Qe7 Kh7 32. Qf8 Bf5 33. Qe7
1/2-1/2

[Event "GBR-ch90 Senior Ch"]
[Site "Edinburgh"]
[Date "2003.07.28"]
[Round "3"]
[White "Hempson, Peter W"]
[Black "Dickson, George"]
[Result "0-1"]
[WhiteElo "1976"]
[BlackElo "1928"]
[PlyCount "96"]
[EventDate "2003.07.26"]
[EventType "swiss"]
[EventRounds "7"]
[EventCountry "GBR"]

1. d4 d6 2. c4 f5 3. Nc3 Nf6 4. Bg5 e6 5. e3 Be7 6. Bd3 Nc6 7. a3 O-O 8. Qc2 e5
9. d5 e4 10. dxc6 exd3 11. Qxd3 bxc6 12. Nge2 Ne4 13. Bxe7 Qxe7 14. f3 Nc5 15.
Qc2 Qxe3 16. Rd1 f4 17. Qd2 Bf5 18. Qxe3 fxe3 19. O-O a5 20. Nd4 Rab8 21. Rfe1
Rxb2 22. Rxe3 Bd7 23. Re2 Rxe2 24. Ncxe2 Rb8 25. Rd2 Ne6 26. Nxe6 Bxe6 27. Nd4
Bxc4 28. Nxc6 Rb1+ 29. Kf2 a4 30. Rd4 Bb5 31. Ne7+ Kf7 32. Nd5 Rc1 33. Re4 Rc5
34. Ne3 Bd7 35. h4 Bc6 36. Rf4+ Ke6 37. Rf8 Rc3 38. Rg8 Kf7 39. Rc8 Bd7 40. Rd8
Be6 41. f4 Rxa3 42. f5 Ke7 43. Rh8 Bf7 44. Rxh7 Rxe3 45. Kxe3 a3 46. Rh8 Be8
47. f6+ gxf6 48. Rh7+ Kd8 0-1

[Event "GBR-ch90 Senior Ch"]
[Site "Edinburgh"]
[Date "2003.07.28"]
[Round "3"]
[White "Macrae, James"]
[Black "Flockhart, Hugh S"]
[Result "0-1"]
[WhiteElo "1560"]
[BlackElo "1776"]
[PlyCount "160"]
[EventDate "2003.07.26"]
[EventType "swiss"]
[EventRounds "7"]
[EventCountry "GBR"]

1. d4 c5 2. e3 Nf6 3. Nf3 b6 4. Bd3 Ba6 5. O-O Bxd3 6. Qxd3 g6 7. d5 Bg7 8. e4
d6 9. c4 O-O 10. Nc3 Nbd7 11. Bd2 Ng4 12. Rae1 Nge5 13. Nxe5 Nxe5 14. Qe2 a6
15. f4 Nd7 16. Nd1 b5 17. Bc3 bxc4 18. Bxg7 Kxg7 19. Qxc4 Qa5 20. Nc3 Rab8 21.
Rf2 Rb4 22. Qf1 Rfb8 23. Ree2 Qb6 24. b3 c4 25. bxc4 Rxc4 26. Rb2 Rb4 27. Rxb4
Qxb4 28. Qd3 Rc8 29. Nd1 Rc1 30. Rf1 Nc5 31. Qe3 Rc4 32. e5 Re4 33. Qc3 Qb6 34.
exd6+ f6 35. Kh1 exd6 36. Qb2 Qxb2 37. Nxb2 Rd4 38. Rd1 Rxf4 39. Kg1 Rb4 40.
Nd3 Nxd3 41. Rxd3 Rb1+ 42. Kf2 Rb2+ 43. Kf3 Rxa2 44. Rc3 Rd2 45. Rc6 Rxd5 46.
Rxa6 Rd2 47. h4 g5 48. hxg5 fxg5 49. g4 Kg6 50. Ra8 Rd3+ 51. Kg2 h6 52. Rd8 Kf6
53. Re8 Rc3 54. Rh8 Kg7 55. Rd8 Rc6 56. Kf3 Kf6 57. Rh8 Kg7 58. Rd8 Rc3+ 59.
Kg2 Rd3 60. Re8 d5 61. Re6 Rd4 62. Kg3 Rc4 63. Rd6 d4 64. Kg2 Rc2+ 65. Kf1 Rc4
66. Rd7+ Kf6 67. Rd6+ Ke5 68. Rxh6 Kf4 69. Rd6 Kxg4 70. Ke2 Kg3 71. Kd3 Ra4 72.
Rd8 g4 73. Rg8 Kf2 74. Rf8+ Kg2 75. Rg8 g3 76. Rg7 Kf2 77. Rf7+ Kg1 78. Rg7 g2
79. Rg4 Ra2 80. Kxd4 Kf1 0-1

[Event "GBR-ch90 Senior Ch"]
[Site "Edinburgh"]
[Date "2003.07.28"]
[Round "3"]
[White "Reuben, Stewart"]
[Black "Rose, Anthony"]
[Result "1-0"]
[WhiteElo "2088"]
[BlackElo "1552"]
[PlyCount "143"]
[EventDate "2003.07.26"]
[EventType "swiss"]
[EventRounds "7"]
[EventCountry "GBR"]

1. d4 d5 2. c4 dxc4 3. Nf3 c6 4. e3 b5 5. a4 Bd7 6. axb5 cxb5 7. Ne5 Nc6 8.
Nxd7 Qxd7 9. b3 e5 10. bxc4 bxc4 11. Bxc4 Bb4+ 12. Bd2 Bxd2+ 13. Qxd2 exd4 14.
O-O Nge7 15. Rd1 Rd8 16. Na3 O-O 17. Nb5 Qg4 18. exd4 Nxd4 19. Nxd4 Nc6 20. Qe2
Rxd4 21. Qxg4 Rxg4 22. Bd5 Rg6 23. f4 Rf6 24. Ra6 Nb4 25. Rxf6 gxf6 26. Bb3 a5
27. Rd7 Kg7 28. Ra7 Nc6 29. Rc7 Nd4 30. Bc4 Kg6 31. g3 Kg7 32. Kf2 Nf5 33. Ra7
Nd6 34. Bd3 Rb8 35. Rxa5 Rb2+ 36. Be2 Ne4+ 37. Ke3 Nc3 38. Bc4 Nd1+ 39. Kd4
Rd2+ 40. Ke4 Nf2+ 41. Ke3 Rc2 42. Be2 Nh3 43. Rh5 Ng1 44. Rxh7+ Kf8 45. Bd3 Rc3
46. Rh5 Nf3 47. h4 Ne1 48. Rd5 Nxd3 49. Rxd3 Rc8 50. Ke4 Kg7 51. Rd5 Rc3 52. g4
Rh3 53. h5 Rb3 54. Kf5 Rb4 55. Rd6 Rb5+ 56. Ke4 Ra5 57. Rd5 Ra4+ 58. Kf5 Rb4
59. g5 fxg5 60. fxg5 Rb1 61. h6+ Kh7 62. Kf6 Rb7 63. Re5 Ra7 64. Re7 Rxe7 65.
Kxe7 Kg6 66. Kf8 Kxg5 67. h7 f5 68. h8=Q Kg4 69. Qh2 f4 70. Qf2 f3 71. Ke7 Kf4
72. Kf6 1-0

[Event "GBR-ch90 Senior Ch"]
[Site "Edinburgh"]
[Date "2003.07.28"]
[Round "3"]
[White "Roth, Michael J"]
[Black "Stephenson, F Norman"]
[Result "0-1"]
[WhiteElo "1816"]
[BlackElo "2072"]
[PlyCount "50"]
[EventDate "2003.07.26"]
[EventType "swiss"]
[EventRounds "7"]
[EventCountry "GBR"]

1. e4 c5 2. Nf3 e6 3. Nc3 Nc6 4. d4 cxd4 5. Nxd4 Qc7 6. Ndb5 Qb8 7. Be3 Nf6 8.
Be2 Be7 9. Qd2 O-O 10. Rd1 Ne8 11. O-O d6 12. f4 a6 13. Nd4 Nf6 14. Bf3 Rd8 15.
Nxc6 bxc6 16. e5 Nd5 17. exd6 Bxd6 18. Ne4 Nxe3 19. Qxe3 Be7 20. Rxd8+ Bxd8 21.
Qd4 Qb6 22. Rd1 Qxd4+ 23. Rxd4 Bb6 24. Nc5 Bxc5 25. c3 Rb8 0-1

[Event "GBR-ch90 Senior Ch"]
[Site "Edinburgh"]
[Date "2003.07.28"]
[Round "3"]
[White "Smith, Ivor BN"]
[Black "Ellison, D George"]
[Result "0-1"]
[WhiteElo "1920"]
[BlackElo "1976"]
[PlyCount "80"]
[EventDate "2003.07.26"]
[EventType "swiss"]
[EventRounds "7"]
[EventCountry "GBR"]

1. e4 c5 2. d4 cxd4 3. c3 Nf6 4. e5 Nd5 5. Bc4 Qc7 6. Qe2 Nb6 7. Bd3 Nc6 8. Nf3
d5 9. exd6 Qxd6 10. Nxd4 Nxd4 11. cxd4 Bd7 12. Nc3 a6 13. O-O e6 14. Ne4 Qc7
15. Bd2 Nd5 16. Rac1 Bc6 17. f4 g6 18. Rc5 Bg7 19. Kh1 Bxd4 20. Rc4 Bg7 21. f5
gxf5 22. Rxf5 O-O-O 23. Rf1 Be5 24. Rxc6 bxc6 25. Bxa6+ Kb8 26. Rf3 Bd4 27.
Rb3+ Nb6 28. a4 Qe5 29. a5 f5 30. axb6 Qxe4 31. Qf1 Rhg8 32. Bd3 Qd5 33. Bc4
Qe4 34. Bd3 Qh4 35. b7 Rg7 36. Be1 Qg5 37. Bg3+ e5 38. Bf2 f4 39. Ba6 Ba7 40.
Ra3 Rxb7 0-1

[Event "GBR-ch90 Senior Ch"]
[Site "Edinburgh"]
[Date "2003.07.28"]
[Round "3"]
[White "Thomas, Norman G"]
[Black "Levens, David G"]
[Result "0-1"]
[WhiteElo "1504"]
[BlackElo "1840"]
[PlyCount "48"]
[EventDate "2003.07.26"]
[EventType "swiss"]
[EventRounds "7"]
[EventCountry "GBR"]

1. e4 c5 2. Nc3 Nc6 3. f4 g6 4. Nf3 Bg7 5. d3 e6 6. Be3 b6 7. d4 cxd4 8. Nxd4
Nge7 9. Qd2 O-O 10. O-O-O a6 11. h4 b5 12. Nxc6 Nxc6 13. Bc5 Re8 14. Bd6 Qa5
15. e5 b4 16. Ne4 Qxa2 17. Qe3 Qa1+ 18. Kd2 Qxb2 19. Bd3 a5 20. Bc5 Ba6 21. Rb1
Qa2 22. Ra1 Qd5 23. Rag1 Rec8 24. Nd6 Nxe5 0-1

[Event "GBR-ch90 Senior Ch"]
[Site "Edinburgh"]
[Date "2003.07.28"]
[Round "3"]
[White "Toothill, John"]
[Black "Boyce, James R"]
[Result "1-0"]
[WhiteElo "1984"]
[BlackElo "1840"]
[PlyCount "49"]
[EventDate "2003.07.26"]
[EventType "swiss"]
[EventRounds "7"]
[EventCountry "GBR"]

1. e4 e5 2. Nf3 Nf6 3. Nxe5 d6 4. Nf3 Nxe4 5. d4 d5 6. Bd3 Be7 7. c4 Nf6 8. O-O
Nc6 9. Nc3 Bg4 10. cxd5 Nxd5 11. Bc4 Be6 12. Qb3 Na5 13. Qa4+ c6 14. Bxd5 Bxd5
15. Nxd5 Qxd5 16. Re1 Nc4 17. Qb4 c5 18. dxc5 Kf8 19. b3 Nb6 20. Ba3 Nc8 21.
Rad1 Qc6 22. Ne5 a5 23. Qc4 Qe8 24. c6 bxc6 25. Rd8 1-0

[Event "GBR-ch90 Senior Ch"]
[Site "Edinburgh"]
[Date "2003.07.28"]
[Round "3"]
[White "Watson, James P"]
[Black "Gill, Neville"]
[Result "0-1"]
[WhiteElo "1672"]
[BlackElo "2112"]
[PlyCount "102"]
[EventDate "2003.07.26"]
[EventType "swiss"]
[EventRounds "7"]
[EventCountry "GBR"]

1. d4 d5 2. c4 e6 3. Nc3 Nf6 4. Bg5 Be7 5. e3 Nbd7 6. Nf3 O-O 7. cxd5 Nxd5 8.
Bxe7 Qxe7 9. Rc1 c6 10. Bd3 Nxc3 11. bxc3 e5 12. Qc2 g6 13. O-O b6 14. Rfd1 Bb7
15. Bc4 Rfd8 16. h4 b5 17. Bb3 c5 18. Bxf7+ Kxf7 19. Ng5+ Kg7 20. Qb3 Nf8 21.
d5 a6 22. e4 c4 23. Qb2 h6 24. Nf3 Nd7 25. Qe2 Nc5 26. Rb1 Qd6 27. Ne1 Rf8 28.
f3 Rf4 29. g3 Rf7 30. Rb2 g5 31. hxg5 hxg5 32. Qe3 Kg6 33. Rh2 Nd7 34. Rdd2 Qc5
35. Qxc5 Nxc5 36. Rh3 Rh7 37. Rxh7 Kxh7 38. Ng2 Rf8 39. d6 Nd3 40. Ne3 Rd8 41.
Nf5 Bc8 42. Rh2+ Kg8 43. Ne7+ Kf7 44. Rh7+ Ke6 45. Rh6+ Kd7 46. Nf5 Kc6 47.
Ne7+ Kc5 48. Rg6 b4 49. cxb4+ Nxb4 50. a3 Nc6 51. Rxg5 c3 0-1

[Event "GBR-ch90 Senior Ch"]
[Site "Edinburgh"]
[Date "2003.07.29"]
[Round "4"]
[White "Boyce, James R"]
[Black "Nicolson, James R"]
[Result "1-0"]
[WhiteElo "1840"]
[BlackElo "1688"]
[PlyCount "41"]
[EventDate "2003.07.26"]
[EventType "swiss"]
[EventRounds "7"]
[EventCountry "GBR"]

1. e4 c5 2. Nf3 Nf6 3. e5 Nd5 4. Nc3 e6 5. Nxd5 exd5 6. d4 Nc6 7. c3 d6 8. exd6
Bxd6 9. Be3 c4 10. b3 Na5 11. bxc4 dxc4 12. Bxc4 Qc7 13. Bb5+ Bd7 14. Bxd7+
Kxd7 15. Qd3 Rac8 16. O-O g6 17. Bg5 f5 18. Qb5+ Ke6 19. Rfe1+ Kf7 20. Qd5+ Kg7
21. Re6 1-0

[Event "GBR-ch90 Senior Ch"]
[Site "Edinburgh"]
[Date "2003.07.29"]
[Round "4"]
[White "Dickson, George"]
[Black "Reuben, Stewart"]
[Result "1/2-1/2"]
[WhiteElo "1928"]
[BlackElo "2088"]
[PlyCount "74"]
[EventDate "2003.07.26"]
[EventType "swiss"]
[EventRounds "7"]
[EventCountry "GBR"]

1. d4 Nf6 2. Nf3 g6 3. Bf4 Bg7 4. e3 d6 5. h3 O-O 6. Be2 b6 7. Nbd2 Bb7 8. O-O
Nbd7 9. c4 Ne4 10. Nxe4 Bxe4 11. Nd2 Bb7 12. Bf3 Bxf3 13. Nxf3 e5 14. Bh2 Qe7
15. Qb3 e4 16. Nd2 c5 17. d5 f5 18. f3 exf3 19. Nxf3 Rfe8 20. Rae1 Bh6 21. Kh1
Nf6 22. Bf4 Bxf4 23. exf4 Ne4 24. Kh2 Qf6 25. Qb5 Re7 26. Qc6 Rae8 27. Ng5 Qxb2
28. Nxe4 fxe4 29. Qxd6 e3 30. f5 e2 31. Rf3 Qd2 32. Qg3 Rf8 33. fxg6 Rxf3 34.
gxh7+ Kxh7 35. Qh4+ Kg8 36. gxf3 Rg7 37. Qd8+ Kh7 1/2-1/2

[Event "GBR-ch90 Senior Ch"]
[Site "Edinburgh"]
[Date "2003.07.29"]
[Round "4"]
[White "Ellison, D George"]
[Black "Anderton, David W"]
[Result "0-1"]
[WhiteElo "1976"]
[BlackElo "2184"]
[PlyCount "50"]
[EventDate "2003.07.26"]
[EventType "swiss"]
[EventRounds "7"]
[EventCountry "GBR"]

1. e4 e6 2. d4 d5 3. e5 c5 4. c3 Nc6 5. Nf3 Nh6 6. a3 cxd4 7. cxd4 Nf5 8. b4
Bd7 9. Be3 Be7 10. Bd3 Rc8 11. Qb3 Nxe3 12. fxe3 O-O 13. O-O f6 14. exf6 Rxf6
15. Nc3 Rh6 16. e4 dxe4 17. Bxe4 Bf6 18. Rad1 Kh8 19. Kh1 Qe7 20. Rfe1 Nxd4 21.
Rxd4 Bxd4 22. Nxd4 Rxh2+ 23. Kg1 Qh4 24. Kf1 Rh1+ 25. Ke2 Rxe1+ 0-1

[Event "GBR-ch90 Senior Ch"]
[Site "Edinburgh"]
[Date "2003.07.29"]
[Round "4"]
[White "Flockhart, Hugh S"]
[Black "Smith, Ivor BN"]
[Result "0-1"]
[WhiteElo "1776"]
[BlackElo "1920"]
[PlyCount "64"]
[EventDate "2003.07.26"]
[EventType "swiss"]
[EventRounds "7"]
[EventCountry "GBR"]

1. e4 c5 2. Nf3 d6 3. c3 Nf6 4. Bd3 g6 5. Bc2 Bg7 6. d4 cxd4 7. cxd4 O-O 8. Nc3
Bg4 9. Be3 Nc6 10. h3 Bxf3 11. Qxf3 Qb6 12. Bb3 Nxd4 13. Qd1 Nd7 14. O-O e6 15.
Na4 Qb4 16. Bd2 Qb5 17. Bc3 Nxb3 18. axb3 Nc5 19. Bxg7 Kxg7 20. Nc3 Qxb3 21.
Qxd6 b6 22. Ra2 Rfd8 23. Qe5+ f6 24. Qc7+ Rd7 25. Qc6 Rad8 26. Rfa1 a6 27. e5
f5 28. Kh2 Rd2 29. Na4 Qb4 30. Qc7+ R8d7 31. Nxc5 Qf4+ 32. Kg1 Qxf2+ 0-1

[Event "GBR-ch90 Senior Ch"]
[Site "Edinburgh"]
[Date "2003.07.29"]
[Round "4"]
[White "Gill, Neville"]
[Black "Bissell, Maurice"]
[Result "1/2-1/2"]
[WhiteElo "2112"]
[BlackElo "1840"]
[PlyCount "46"]
[EventDate "2003.07.26"]
[EventType "swiss"]
[EventRounds "7"]
[EventCountry "GBR"]

1. Nf3 f5 2. g3 Nf6 3. Bg2 g6 4. O-O Bg7 5. d4 O-O 6. c4 d6 7. Nc3 Nc6 8. d5
Ne5 9. Qb3 Nfd7 10. Be3 Nc5 11. Bxc5 dxc5 12. Ng5 Rb8 13. Rad1 Nf7 14. Nxf7
Rxf7 15. Qa3 b6 16. Qxa7 Bd7 17. Qa3 Ra8 18. Qb3 Bxc3 19. Qxc3 Rxa2 20. e4 fxe4
21. Bxe4 Bf5 22. Rfe1 Qf8 23. Bxf5 Rxf5 1/2-1/2

[Event "GBR-ch90 Senior Ch"]
[Site "Edinburgh"]
[Date "2003.07.29"]
[Round "4"]
[White "Levens, David G"]
[Black "Hempson, Peter W"]
[Result "0-1"]
[WhiteElo "1840"]
[BlackElo "1976"]
[PlyCount "82"]
[EventDate "2003.07.26"]
[EventType "swiss"]
[EventRounds "7"]
[EventCountry "GBR"]

1. e4 d5 2. d4 dxe4 3. Nc3 Nf6 4. f3 exf3 5. Nxf3 Bg4 6. h3 Bxf3 7. Qxf3 c6 8.
Qf2 e6 9. Bd3 Bd6 10. O-O Qc7 11. g4 h6 12. Bd2 Bg3 13. Qf3 Bh4 14. Bf4 Qb6 15.
Be5 Nbd7 16. Kg2 Qxb2 17. Be4 O-O 18. Rab1 Qa3 19. Rb3 Qa5 20. Bd6 Nxe4 21.
Bxf8 Ng5 22. Qd3 Rxf8 23. Rxb7 Nb6 24. Ne2 Qxa2 25. Nf4 Nd5 26. Ne2 c5 27. dxc5
Ne3+ 28. Kg1 Nxf1 29. Kxf1 Qa1+ 30. Kg2 Qe1 31. Ng1 Ne4 32. Qf3 Nd2 33. Qe2
Qg3+ 34. Kh1 Qf4 35. Rd7 Ne4 36. Qf3 Qxf3+ 37. Nxf3 Nxc5 38. Rc7 Bf2 39. Kg2
Na6 40. Rc6 Bb6 41. Nd4 Rd8 0-1

[Event "GBR-ch90 Senior Ch"]
[Site "Edinburgh"]
[Date "2003.07.29"]
[Round "4"]
[White "Rose, Anthony"]
[Black "Macrae, James"]
[Result "1-0"]
[WhiteElo "1552"]
[BlackElo "1560"]
[PlyCount "121"]
[EventDate "2003.07.26"]
[EventType "swiss"]
[EventRounds "7"]
[EventCountry "GBR"]

1. d4 d5 2. c4 Nc6 3. Nc3 dxc4 4. d5 Ne5 5. e4 e6 6. Nf3 Bd6 7. Nxe5 Bxe5 8.
Bxc4 Qd6 9. dxe6 Bxc3+ 10. bxc3 Qxd1+ 11. Kxd1 Bxe6 12. Bxe6 fxe6 13. Ke2 O-O-O
14. Bg5 Rd7 15. Rhd1 Nf6 16. f3 b5 17. Rxd7 Kxd7 18. a4 a6 19. axb5 axb5 20.
Ra5 Rb8 21. Bf4 Ne8 22. Kd3 Nd6 23. Ra7 Ne8 24. Be5 Kc6 25. Ra6+ Kd7 26. h4 Rc8
27. g4 Ke7 28. Ra7 Kd7 29. f4 Nf6 30. f5 Ne8 31. g5 exf5 32. exf5 Ke7 33. Ke4
Kd7 34. h5 Rb8 35. Ra2 Ke7 36. Rf2 Rb6 37. Kd5 c6+ 38. Kc5 Ra6 39. f6+ gxf6 40.
Bxf6+ Kf7 41. Bd4+ Kg8 42. Be5 Ng7 43. h6 Ne6+ 44. Kd6 c5+ 45. Kd7 Ra8 46. Kxe6
b4 47. cxb4 cxb4 48. Rf4 Re8+ 49. Kd5 Rc8 50. Rxb4 Kf7 51. Rb6 Rd8+ 52. Rd6 Ra8
53. Rf6+ Kg8 54. Bd6 Rc8 55. Rf1 Re8 56. Rb1 Kf7 57. Rb7+ Kg6 58. Be7 Rg8 59.
Bf6 Rf8 60. Ke6 Re8+ 61. Re7 1-0

[Event "GBR-ch90 Senior Ch"]
[Site "Edinburgh"]
[Date "2003.07.29"]
[Round "4"]
[White "Smith, David"]
[Black "Roth, Michael J"]
[Result "1-0"]
[WhiteElo "1712"]
[BlackElo "1816"]
[PlyCount "55"]
[EventDate "2003.07.26"]
[EventType "swiss"]
[EventRounds "7"]
[EventCountry "GBR"]

1. e4 e6 2. d4 d5 3. e5 c5 4. c3 Nc6 5. Nf3 Qb6 6. Bd3 cxd4 7. cxd4 Bd7 8. O-O
Nxd4 9. Nxd4 Qxd4 10. Nc3 Bb4 11. Nb5 Qxe5 12. Qg4 Bf8 13. Bf4 Nf6 14. Qg3 Nh5
15. Bxe5 Nxg3 16. Bxg3 Bxb5 17. Bxb5+ Kd8 18. Rac1 Bb4 19. Rc7 a6 20. Bd3 Rf8
21. Rxb7 Be7 22. Rc1 Bf6 23. Bd6 Rh8 24. Rcc7 Rc8 25. Rxc8+ Kxc8 26. Rb8+ Kd7
27. Rxh8 Kxd6 28. Ra8 1-0

[Event "GBR-ch90 Senior Ch"]
[Site "Edinburgh"]
[Date "2003.07.29"]
[Round "4"]
[White "Stephenson, F Norman"]
[Black "Toothill, John"]
[Result "1/2-1/2"]
[WhiteElo "2072"]
[BlackElo "1984"]
[PlyCount "55"]
[EventDate "2003.07.26"]
[EventType "swiss"]
[EventRounds "7"]
[EventCountry "GBR"]

1. e4 e5 2. Nf3 Nc6 3. Bc4 Nf6 4. d3 Be7 5. O-O O-O 6. Re1 d6 7. c3 Na5 8. Bb5
a6 9. Ba4 b5 10. Bc2 c5 11. Nbd2 Qc7 12. Nf1 Nc6 13. Ne3 Bd7 14. d4 cxd4 15.
cxd4 Rac8 16. Nd5 Nxd5 17. exd5 Nb4 18. Bb3 e4 19. Rxe4 Bf5 20. Re3 Bf6 21. Rc3
Qb6 22. a3 Rxc3 23. bxc3 Nd3 24. Bc2 Qc7 25. Bxd3 Qxc3 26. Bxf5 Qxa1 27. Qd2 g6
28. Bd7 1/2-1/2

[Event "GBR-ch90 Senior Ch"]
[Site "Edinburgh"]
[Date "2003.07.29"]
[Round "4"]
[White "Tidmarsh, David A"]
[Black "Watson, James P"]
[Result "1-0"]
[WhiteElo "1696"]
[BlackElo "1672"]
[PlyCount "53"]
[EventDate "2003.07.26"]
[EventType "swiss"]
[EventRounds "7"]
[EventCountry "GBR"]

1. e4 c5 2. Nf3 e6 3. Nc3 Nc6 4. d4 cxd4 5. Nxd4 a6 6. Be3 Qc7 7. f3 Bb4 8.
Nxc6 bxc6 9. Qd4 Bxc3+ 10. Qxc3 f6 11. Qa3 Ne7 12. Bc5 Ng6 13. Bd6 Qb6 14. h4
Qd8 15. f4 Ne7 16. g4 Bb7 17. Bg2 Nc8 18. O-O-O Nxd6 19. Rxd6 Rc8 20. Qc5 Rf8
21. f5 Qe7 22. Rhd1 e5 23. Bf1 g6 24. Bc4 Rh8 25. Qa7 Rc7 26. Qb8+ Qd8 27. Re6+
1-0

[Event "GBR-ch90 Senior Ch"]
[Site "Edinburgh"]
[Date "2003.07.30"]
[Round "5"]
[White "Anderton, David W"]
[Black "Stephenson, F Norman"]
[Result "0-1"]
[WhiteElo "2184"]
[BlackElo "2072"]
[PlyCount "80"]
[EventDate "2003.07.26"]
[EventType "swiss"]
[EventRounds "7"]
[EventCountry "GBR"]

1. d4 e6 2. c4 f5 3. g3 Nf6 4. Bg2 Bb4+ 5. Nd2 a5 6. Ngf3 Bxd2+ 7. Nxd2 Nc6 8.
d5 Ne5 9. O-O O-O 10. b3 Rb8 11. Bb2 d6 12. Bc3 exd5 13. cxd5 b6 14. h3 Ba6 15.
Rc1 Rc8 16. Re1 Bb7 17. f4 Ned7 18. e4 fxe4 19. Nxe4 Nxe4 20. Bxe4 Rf7 21. Qh5
Nf8 22. Bd4 Qd7 23. Rc3 Qb5 24. Rce3 a4 25. Bf3 Rd8 26. Re7 Ng6 27. Rxf7 Kxf7
28. Qxh7 Rg8 29. Be4 Ne7 30. Bd3 Qb4 31. Qe4 Re8 32. Qe6+ Kf8 33. Re4 Qd2 34.
Bc4 Bc8 35. Bxg7+ Kxg7 36. Qxe7+ Rxe7 37. Rxe7+ Kf6 38. Re2 Qd1+ 39. Kh2 axb3
40. axb3 Bb7 0-1

[Event "GBR-ch90 Senior Ch"]
[Site "Edinburgh"]
[Date "2003.07.30"]
[Round "5"]
[White "Bissell, Maurice"]
[Black "Hempson, Peter W"]
[Result "0-1"]
[WhiteElo "1840"]
[BlackElo "1976"]
[PlyCount "114"]
[EventDate "2003.07.26"]
[EventType "swiss"]
[EventRounds "7"]
[EventCountry "GBR"]

1. d4 d5 2. Nf3 Nf6 3. c4 dxc4 4. Nc3 Bf5 5. e3 e6 6. Bxc4 Nbd7 7. O-O Bd6 8.
Re1 Ne4 9. Nxe4 Bxe4 10. h3 O-O 11. Bd2 Qf6 12. Bc3 Bxf3 13. Qxf3 Qxf3 14. gxf3
e5 15. d5 f5 16. Kf1 f4 17. Ke2 Rf6 18. Rh1 Raf8 19. e4 a6 20. Rag1 b5 21. Bd3
b4 22. Bd2 a5 23. Bb5 Nc5 24. b3 Rh6 25. Rg4 Rff6 26. Bc1 Kf8 27. Bb2 Rfg6 28.
Rhg1 Rxg4 29. hxg4 Ke7 30. Rc1 Nd7 31. Bxd7 Kxd7 32. Rc6 Rh1 33. Rc1 Rxc1 34.
Bxc1 Ke7 35. Bb2 Kf6 36. Kf1 h6 37. Ke2 Bc5 38. Kf1 Bd4 39. Bc1 Bc3 40. Ke2 g6
41. Kd3 h5 42. gxh5 gxh5 43. Ke2 Ke7 44. Kf1 Kd6 45. Kg2 Bd4 46. Bd2 Kc5 47.
Bc1 Bc3 48. Kh3 Kd4 49. Kh4 Kd3 50. Kxh5 Kc2 51. Bxf4 exf4 52. Kg5 Kb2 53. Kxf4
Kxa2 54. e5 Kxb3 55. d6 cxd6 56. exd6 Bf6 57. Kf5 Bh4 0-1

[Event "GBR-ch90 Senior Ch"]
[Site "Edinburgh"]
[Date "2003.07.30"]
[Round "5"]
[White "Nicolson, James R"]
[Black "Levens, David G"]
[Result "0-1"]
[WhiteElo "1688"]
[BlackElo "1840"]
[PlyCount "126"]
[EventDate "2003.07.26"]
[EventType "swiss"]
[EventRounds "7"]
[EventCountry "GBR"]

1. c4 c5 2. Nc3 Nf6 3. g3 e6 4. Bg2 d5 5. e3 d4 6. Ne4 Be7 7. d3 Nxe4 8. Bxe4
Nd7 9. Ne2 Nf6 10. Bg2 O-O 11. b4 dxe3 12. fxe3 cxb4 13. d4 Qc7 14. Qb3 a5 15.
a4 Bd7 16. O-O Rac8 17. c5 Bc6 18. Nf4 Bxg2 19. Kxg2 b6 20. cxb6 Qb7+ 21. Kg1
Rc6 22. Qd1 Rfc8 23. Bd2 Rc2 24. Rc1 Rxc1 25. Bxc1 Qxb6 26. Qf3 Qc6 27. Qxc6
Rxc6 28. Nd3 Bd6 29. Kg2 Ne4 30. Kf3 Nc3 31. Bd2 f6 32. Rc1 Rc4 33. Bxc3 bxc3
34. Ke2 Rxa4 35. Rxc3 Ra2+ 36. Kf3 Kf7 37. h4 Ra3 38. Rc6 Ke7 39. Nc5 f5 40.
Ra6 Bxc5 41. dxc5 e5 42. Ra7+ Kf6 43. Ra6+ Kf7 44. c6 e4+ 45. Kf4 g6 46. Ra7+
Kf6 47. Rxh7 Rc3 48. Ra7 Rc2 49. g4 Rf2+ 50. Kg3 Rf3+ 51. Kg2 Rxe3 52. g5+ Ke6
53. Rxa5 Rc3 54. Ra6 f4 55. c7+ Kf5 56. Rf6+ Kg4 57. Rxg6 Rc2+ 58. Kf1 Kf3 59.
Ke1 e3 60. Rd6 Rc1+ 61. Rd1 Rxc7 62. g6 Rc2 63. g7 Rg2 0-1